[Event "Andalucia-ch U14"]
[Site "Islantilla"]
[Date "2012.04.14"]
[Round "6"]
[White "Cabeza de Vaca Ruiz, Juan Pedro"]
[Black "Cribilles Perez, Carlos"]
[Result "0-1"]
[WhiteElo "1502"]
[BlackElo "1622"]
[PlyCount "42"]
[EventDate "2012.04.13"]
[EventType "swiss"]
[EventRounds "9"]
[EventCountry "ESP"]
[SourceTitle "CBM 148 Extra"]
[Source "ChessBase"]
[SourceDate "2012.06.22"]
[SourceVersion "1"]
[SourceVersionDate "2012.06.22"]
[SourceQuality "1"]

1. e4 c5 2. Nf3 Nc6 3. d4 cxd4 4. Nxd4 g6 5. Nc3 Bg7 6. Be3 Nf6 7. Qd2 0-0 8. Be2 d6 9. h3 Bd7 10. Bh6 Bxh6 11. Qxh6 Nxd4 12. 0-0-0 Nxe2+ 13. Nxe2 Nxe4 14. Rhf1 Qa5 15. Rd4 Qg5+ 16. Qxg5 Nxg5 17. h4 Ne6 18. Rg4 Rac8 19. h5 Nc5 20. Rg3 Bb5 21. Re1 Nd3+ 0-1

[Event "Andalucia-ch U14"]
[Site "Islantilla"]
[Date "2012.04.13"]
[Round "4"]
[White "Cabeza de Vaca Ruiz, Juan Pedro"]
[Black "Perez Tores, Juan Miguel"]
[Result "1/2-1/2"]
[WhiteElo "1502"]
[BlackElo "1834"]
[PlyCount "90"]
[EventDate "2012.04.13"]
[EventType "swiss"]
[EventRounds "9"]
[EventCountry "ESP"]
[SourceTitle "CBM 148 Extra"]
[Source "ChessBase"]
[SourceDate "2012.06.22"]
[SourceVersion "1"]
[SourceVersionDate "2012.06.22"]
[SourceQuality "1"]

1. e4 d6 2. Nf3 Nf6 3. Nc3 g6 4. Bc4 Bg7 5. 0-0 0-0 6. d3 c6 7. Be3 b5 8. Bb3 a5 9. a4 b4 10. Ne2 c5 11. Qd2 Ng4 12. Bf4 Bxb2 13. Rab1 Bg7 14. h3 Nf6 15. Bh6 Nbd7 16. Qg5 e5 17. Bxg7 Kxg7 18. Ng3 Nb6 19. Nh4 Ng8 20. Qxd8 Rxd8 21. f4 f6 22. fxe5 dxe5 23. Rf2 Ne7 24. Rbf1 Rf8 25. Nf3 Bd7 26. Nxe5 fxe5 27. Rf7+ Rxf7 28. Rxf7+ Kh8 29. Rxe7 Bxa4 30. Rxe5 Bxb3 31. cxb3 Nd7 32. Rd5 a4 33. bxa4 Ra7 34. Ne2 b3 35. Nc3 b2 36. Kf2 Nb6 37. Rd8+ Kg7 38. Rb8 Nxa4 39. Nxa4 Rxa4 40. Rxb2 Ra3 41. Ke3 c4 42. Rd2 cxd3 43. Rxd3 Ra2 44. g3 g5 45. Kf3 h5 1/2-1/2